European History by Letter - T - Statistics

General Stats
  • This quiz has been taken 299 times
  • The average score is 12 of 20
Answer Stats
Hint Answer % Correct
Albanian nun and "Mother" famous for her charitable work in India in the 20th century Teresa
96%
Dracula’s home Transylvania
95%
Royal house of Henry VIII and Elizabeth I Tudor
92%
Speculation on the bulbs of this flower caused the first stock market crash in 1737 Tulip
91%
Homer's epic of the conquest of this city is one of Europe's oldest literary works Troy
88%
Anti-fascist partisan and longtime ruler of Yugoslavia (Josip) Tito
84%
Swedish schoolgirl who sparked a worldwide movement for action against climate change in 2018 (Greta) Thunberg
77%
British mathematician whose work helped decode the German Enigma encryption machine in WWII (Alan) Turing
77%
Euphemistic term for the civil war in Northern Ireland Troubles
72%
Second most important city in the Byzantine Empire (today in Greece) Thessaloniki
64%
One of the most deadly wars in European history (1618-1648) Thirty Years' War
61%
Spanish city, capital of the Visigothic Kingdom Toledo
52%
This order of knights founded a state in the Baltics Teutonic Order
47%
Under his rule the Roman empire reached its greatest extent Trajan
37%
Possibly the most influential catholic philosopher (1225-1274) Thomas Aquinas
35%
1882 military pact between Germany, Austria-Hungary and Italy Triple Alliance
28%
First woman in space (Valentina) Tereshkova
24%
Berlin's hub airport with up to 1000 starts and landings per day during the airlift 1948-49 Tempelhof
17%
First king of Croatia Tomislav
9%
Crop rotation system introduced in Europe in medieval agriculture that increased production significantly Three-field system
7%
No matching quizzes found
Score Distribution
Percent of People with Each Score
Percentile by Number Answered
Your Score History
You have not taken this quiz